The butterfly customer : capturing the loyalty of today's elusive consumer /

Bibliographic Details
Main Author: O'Dell, Susan M.
Other Authors: Pajunen, Joan A.
Format: Book
Language:English
Published: Toronto : J. Wiley & Sons Canada, 1997.
Subjects:

MARC

Tag First Indicator Second Indicator Subfields
LEADER 00000cam a22000008a 4500
001 in00001406566
005 20170322174857.0
008 970207s1997 onc b 001 0 eng d
010 |a cn 97930443  
015 |a C97-930443-1 
020 |a 0471641979 :  |c $34.95 
035 |a (OCoLC)36695574 
035 |9 AHQ3510AM 
040 |a CaOTU  |b eng  |c NLC  |d IAI  |d MIA  |d TXA  |d UtOrBLW 
049 |a TXAM 
055 3 |a HF5415.5  |b O33 1997 
082 0 0 |a 658.8/12  |2 21 
090 |a HF5415.5  |b .O33 1997 
100 1 |a O'Dell, Susan M. 
245 1 4 |a The butterfly customer :  |b capturing the loyalty of today's elusive consumer /  |c Susan M. O'Dell, Joan A. Pajunen. 
263 |a 9703 
264 1 |a Toronto :  |b J. Wiley & Sons Canada,  |c 1997. 
300 |a xxiii, 264 pages ;  |c 24 cm. 
336 |a text  |b txt  |2 rdacontent 
337 |a unmediated  |b n  |2 rdamedia 
338 |a volume  |b nc  |2 rdacarrier 
504 |a Includes bibliographical references and index. 
650 0 |a Customer services. 
650 0 |a Customer relations. 
650 0 |a Relationship marketing. 
700 1 |a Pajunen, Joan A. 
948 |a C:BLW  |d 20030615 
999 |a MARS 
999 f f |s 50ed28ef-42b4-3787-8cd7-227ba27dd685  |i bb597f4c-b0b6-3fcd-861e-ddca6dfe2d63  |t 0 
952 f f |p ric  |a Texas A&M University  |b Rellis Campus  |c Joint Library Facility  |d Remote Storage  |t 0  |e HF5415.5 .O33 1997  |h Library of Congress classification  |i unmediated -- volume  |m A14822548592 
998 f f |a HF5415.5 .O33 1997  |t 0  |l Remote Storage